书目信息 |
| 题名: |
钢结构检测鉴定指南
|
|
| 作者: | 张心斌 主编 | |
| 分册: | ||
| 出版信息: | 北京 中国建筑工业出版社 2018.09 |
|
| 页数: | 285页 | |
| 开本: | 26cm | |
| 丛书名: | ||
| 单 册: | ||
| 中图分类: | TU391-62 | |
| 科图分类: | ||
| 主题词: | 金属结构 | |
| 电子资源: | ||
| ISBN: | 978-7-112-22459-3 | |
| 000 | 00607nam0 2200193 450 | |
| 001 | 1930232142 | |
| 005 | 20190306082658.72 | |
| 010 | @a978-7-112-22459-3@dCNY56.00 | |
| 100 | @a20190306d2018 km y0chiy0120 ea | |
| 101 | 0 | @achi |
| 102 | @aCN@b110000 | |
| 200 | 1 | @a钢结构检测鉴定指南@AGang Jie Gou Jian Ce Jian Ding Zhi Nan@f张心斌主编@FZhang Xin Bin Zhu Bian |
| 210 | @a北京@c中国建筑工业出版社@d2018.09 | |
| 215 | @a285页@d26cm | |
| 606 | 0 | @a金属结构 |
| 690 | @aTU391-62@v4 | |
| 701 | 0 | @a张心斌@AZhang Xin Bin@4主编 |
| 801 | 0 | @aCN@b大连网信软件有限公司图书馆·11@c20190306 |
| 905 | @aZUCC@dTU391-62@eZ210 | |
| 钢结构检测鉴定指南/张心斌主编.-北京:中国建筑工业出版社,2018.09 |
| 285页;26cm |
| ISBN 978-7-112-22459-3:CNY56.00 |
| ● |
| 相关链接 |
|
|
|
正题名:钢结构检测鉴定指南
索取号:TU391-62/Z210
 
预约/预借
| 序号 | 登录号 | 条形码 | 馆藏地/架位号 | 状态 | 备注 |
| 1 | 1305589 | 213055897 | 建筑库101/101建筑库 90排3列3层/ [索取号:TU391-62/Z210] | 在馆 |